Statistics for Fast Food logos

Click here to take the quiz!

General Stats

  • This quiz has been taken 12,512 times
  • The average score is 10 of 12

Answer Stats

Answer% Correct
KFC
100%
Burger King
99%
Mcdonalds
99%
Subway
99%
Pizza Hut
97%
Taco Bell
97%
Domino's
96%
Dairy Queen
75%
Hungry Jacks
71%
Arby's
67%
Carl's Jr
58%
Pita Pit
45%

Score Distribution

Percentile by Number Answered

Percent of People with Each Score

Your Score History

You have not taken this quiz